Statystyki dla Odgadnij imię tego piłkarza #3

Kliknij tutaj aby rozwiązać quiz!

Ogólne statystyki

  • Ten quiz został rozwiązany 92 razy
  • Średni wynik to 12 z 15

Statystyki odpowiedzi

Nazwisko (klub)Imię% Poprawnych
Mbappe (PSG)Kylian/Ethan
100%
SzczęsnyWojciech
97%
KroosToni
95%
SalahMohamed
93%
RiberyFranck
90%
VaraneRaphael
85%
FodenPhil
84%
ShawLuke
82%
PerisicIvan
81%
SanchoJadon
80%
VardyJamie
77%
PayetDimitri
76%
AkeNathan
70%
PopeNick
68%
Milinković-Savić (Lazio)Sergej
58%

Rozkład punktacji

Percentyl według liczby udzielonych odpowiedzi

Procent ludzi z każdym wynikiem

Twoja historia wyników

Nie rozwiązałeś tego quizu